Fast Data Architectures for Streaming Applications, 2nd Edition /

Why have stream-oriented data systems become so popular, when batch-oriented systems have served big data needs for many years? In the updated edition of this report, Dean Wampler examines the rise of streaming systems for handling time-sensitive problems-such as detecting fraudulent financial activ...

Full description

Bibliographic Details
Main Author: Wampler, Dean (Author)
Corporate Author: Safari, an O'Reilly Media Company
Format: eBook
Language:English
Published: O'Reilly Media, Inc., 2018.
Edition:2nd edition.
Subjects:
Online Access:Connect to this electronic resource

MARC

Tag First Indicator Second Indicator Subfields
LEADER 00000uam a2200000 a 4500
001 in00004128313
005 20260128205846.6
006 m o d
007 cr cn
008 291118s2018 xx o eng
020 |z 9781492046813 
035 |a (CaSebORM)9781492046820 
040 |d UtOrBLW 
041 0 |a eng 
100 1 |a Wampler, Dean,  |e author.  |0 http://id.loc.gov/authorities/names/no2009194390 
245 1 0 |a Fast Data Architectures for Streaming Applications, 2nd Edition /  |c Wampler, Dean. 
250 |a 2nd edition. 
264 1 |b O'Reilly Media, Inc.,  |c 2018. 
300 |a 1 online resource (58 pages) 
336 |a text  |b txt  |2 rdacontent 
337 |a computer  |b c  |2 rdamedia 
338 |a online resource  |b cr  |2 rdacarrier 
347 |a text file 
520 |a Why have stream-oriented data systems become so popular, when batch-oriented systems have served big data needs for many years? In the updated edition of this report, Dean Wampler examines the rise of streaming systems for handling time-sensitive problems-such as detecting fraudulent financial activity as it happens. You'll explore the characteristics of fast data architectures, along with several open source tools for implementing them. Batch processing isn't going away, but exclusive use of these systems is now a competitive disadvantage. You'll learn that, while fast data architectures using tools such as Kafka, Akka, Spark, and Flink are much harder to build, they represent the state of the art for dealing with mountains of data that require immediate attention. Learn how a basic fast data architecture works, step-by-step Examine how Kafka's data backplane combines the best abstractions of log-oriented and message queue systems for integrating components Evaluate four streaming engines, including Kafka Streams, Akka Streams, Spark, and Flink Learn which streaming engines work best for different use cases Get recommendations for making real-world streaming systems responsive, resilient, elastic, and message driven Explore an example IoT streaming application that includes telemetry ingestion and anomaly detection 
533 |a Electronic reproduction.  |b Boston, MA :  |c Safari,  |n Available via World Wide Web. 
538 |a Mode of access: World Wide Web. 
542 |f Copyright © O'Reilly Media, Inc. 
588 |a Online resource; Title from title page (viewed November 25, 2018) 
500 |a Electronic resource. 
655 7 |a Electronic books.  |2 local 
710 2 |a Safari, an O'Reilly Media Company. 
856 4 0 |u https://proxy.library.tamu.edu/login?url=https://go.oreilly.com/TAMU/library/view/-/9781492046820/?ar  |z Connect to this electronic resource  |t 0 
999 f f |s 8011110c-7310-3a78-a597-e734a4031933  |i ccdaed98-3825-3b69-a39f-d8df27c8cd37  |t 0 
952 f f |a Texas A&M University  |b College Station  |c Electronic Resources  |s www_evans  |d Available Online  |t 0  |h No information provided 
998 f f |t 0  |l Available Online